000 01518nam a2200313 c 4500
003 BLK
005 20180422115157.0
008 180411b bul|||||r ||||||| ||bul||
010 _aKNG00190620000
040 _aBLK
041 _aBUL
_cBUL
080 _aИстория на България от Първата до Втората световна война
_b94(497.2)"1914/1939"
_x
_z94(497.2)"1914/1939"
100 1 _aГоцев, Димитър Георгиев
_eпърви автор
_9364892
139 _aГоцев, Димитър Георгиев
_bГ 71
245 1 0 _aМладежките националноосвободителни организации на македонските българи 1919-1941
_bМоногр.
_cДимитър Георгиев Гоцев.
257 _aBGR
260 София
_bБАН
_c1988
300 _a288 с.
_c25 см
380 _a9
500 _a4 000 тир. - Рез. на рус., англ. ез. - Именен, геогр. показалец.
650 4 _aМакедонски въпрос
_9242249
650 4 _aНационалноосвободително движение - Вардарска и Егейска Македония
_9258157
650 4 _aМладежки организации и движения - Вардарска и Егейска Македония - история
_9258156
852 _aЦб 152129
856 4 _qpdf
_u
856 4 _qpdf
_u
942 _cKNG
_n0
944 _aCR
_c19.09.2016
_kКети_Илиева
944 _aED
_c19.09.2016
_kКети_Илиева
999 _c181714
_d181714